<?xml version="1.0" encoding="UTF-8"?>
<marc:record xmlns:marc="http://www.loc.gov/MARC21/slim">
   <marc:leader>00000nam a2200000 a 4500</marc:leader>
   <marc:datafield ind1="1" ind2=" " tag="100">
      <marc:subfield code="a">Klein, Tal M.</marc:subfield>
      <marc:subfield code="4">aut</marc:subfield>
      <marc:subfield code="e">Verfasser/-in</marc:subfield>
   </marc:datafield>
   <marc:datafield ind1="0" ind2="0" tag="245">
      <marc:subfield code="a">Der Zwillingseffekt</marc:subfield>
   </marc:datafield>
   <marc:datafield ind1="0" ind2="0" tag="245">
      <marc:subfield code="b">Roman</marc:subfield>
   </marc:datafield>
   <marc:datafield ind1="0" ind2="0" tag="245">
      <marc:subfield code="c">Tal M. Klein ; aus dem Amerikanischen übersetzt von Bernhard Kempen</marc:subfield>
   </marc:datafield>
   <marc:datafield ind1=" " ind2="1" tag="264">
      <marc:subfield code="a">München</marc:subfield>
      <marc:subfield code="b">Wilhelm Heyne Verlag</marc:subfield>
   </marc:datafield>
   <marc:datafield ind1=" " ind2=" " tag="250">
      <marc:subfield code="a">Deutsche Erstausgabe</marc:subfield>
   </marc:datafield>
   <marc:datafield ind1="1" ind2=" " tag="520">
      <marc:subfield code="a">Angaben aus der Verlagsmeldung

Der Zwillingseffekt : The Punch Escrow - Roman The Punch Escrow / von Tal M. Klein

Wir schreiben das Jahr 2147. Nanotechnologie verhindert den Alterungsprozess, genmodifizierte Mücken ernähren sich von Kohlenstoffdioxid statt von Blut und man reist nicht mehr mit dem Flugzeug sondern via Teleportation. Es ist die Welt von Joel Byram. Ein durchschnittlicher Typ mit durchschnittlichen Problemen – sein Job als KI-Coach langweilt ihn und seine Ehe mit der hübschen Sylvia steht vor dem Aus. Ein Kurztrip nach Costa Rica soll neuen Schwung in die Beziehung bringen, doch dann passiert es: Joel wird beim Teleportieren versehentlich dupliziert. Nicht genug damit, dass Sylvia nun mit seinem Doppelgänger urlaubt, jetzt wird Joel auch noch von dem mächtigen Konzern International Transport gejagt ...

</marc:subfield>
   </marc:datafield>
   <marc:datafield ind1=" " ind2=" " tag="020">
      <marc:subfield code="a">9783453319288</marc:subfield>
      <marc:subfield code="9">9783453319288</marc:subfield>
   </marc:datafield>
   <marc:datafield ind1=" " ind2=" " tag="020">
      <marc:subfield code="a">3453319281</marc:subfield>
      <marc:subfield code="9">3453319281</marc:subfield>
   </marc:datafield>
   <marc:datafield ind1=" " ind2=" " tag="041">
      <marc:subfield code="a">ger</marc:subfield>
   </marc:datafield>
   <marc:datafield ind1=" " ind2=" " tag="300">
      <marc:subfield code="a">413 Seiten</marc:subfield>
   </marc:datafield>
</marc:record>
